000 00721cam a2200253 4500
001 ABS61974
008 000000n2000 000 0 eng u
035 _a(Sirsi) u104272
100 _aPeretz, G.
245 _aCompetition Act 1998 (3)
260 _c2000
490 _aSolicitors' Journal
_v144(3) 28 January 2000, 72-75(3)
520 _aDiscusses the extensive powers held by the Director General of Fair Trading to enforce the Competition Act 1998.
590 _aABS
650 _aCOMPETITION ACT 1998
650 _aDIRECTOR GENERAL OF FAIR TRADING
650 _aCOMPETITION LAW
650 _aOFT
650 _aOFT
650 _aHUMAN RIGHTS
690 _aLAW
700 _aHutton, I.
942 _n0
999 _c62558
_d62558